| 000 | 00937nas a2200289 4500 | ||
|---|---|---|---|
| 001 | BR2012009878 | ||
| 003 | BR-BrBNA | ||
| 005 | 20231205121717.0 | ||
| 007 | ta | ||
| 008 | 230509b bl.|||p| |||| 00| 00por d | ||
| 040 |
_aBR-BrBNA _bpor _cBiblioteca Nacional de Agricultura |
||
| 041 | _a(Pt) | ||
| 072 | _aF61 | ||
| 100 | 1 | _aVilani, M.T. | |
| 100 | 1 | _aSanches, L. | |
| 100 | 1 | _aCosta, M.H. | |
| 100 | 1 | _aGaio, D.C. | |
| 100 | 1 | _aNogueira, J. de S. | |
| 245 | 1 | _aestimativa da absortância da radiação fotossinteticamente ativa de uma vegetação de transição floresta Amzônica-cerrado por três métodos | |
| 650 | _aFOTOSSÍNTESE | ||
| 650 | _aMODELO MATEMÁTICO | ||
| 650 | _aFLORESTA | ||
| 650 | _aAMAZÔNIA | ||
| 773 | 0 |
_tRevista Brasileira de Agrometeorologia (Brazil) _xISSN 0104-1347 _g(Sep-Dez 2007), v. 15(3) p. 289-298 _wBR2012009878 |
|
| 909 |
_a202311 _bLúcia _c55 _dLúcia Elande |
||
| 942 |
_2AGRIS _n0 _cANA |
||
| 999 |
_c224844 _d224844 |
||